| 000 | 01588cam a2200397 i 4500 | ||
|---|---|---|---|
| 001 | 1197660 | ||
| 003 | EG-ScBUE | ||
| 005 | 20240627085818.0 | ||
| 008 | 980310k20062008enkab f b 001 0 eng d | ||
| 020 | _a0521471370 (v. 1) | ||
| 020 | _a9780521068840 (v. 2) | ||
| 020 | _a9780521472111 (v.2 hardback) | ||
| 035 | _a(DLC) 98016515 | ||
| 040 |
_aDLC _beng _erda _cDLC _dDLC _dEG-ScBUE |
||
| 043 | _af-ua--- | ||
| 082 | 0 | 4 |
_a962 _bCAM _222 |
| 245 | 0 | 4 |
_aThe Cambridge history of Egypt / _cedited by Carl F. Petry, M. W. Daly. |
| 264 | 1 |
_aCambridge : _bCambridge University Press, _c[2006-2008] |
|
| 300 |
_a2 volumes : _billustrations, maps ; _c24 cm |
||
| 336 |
_2rdacontent _atext _btxt |
||
| 337 |
_aunmediated _2rdamedia _bn |
||
| 338 |
_avolume _bnc _2rdacarrier |
||
| 504 | _aIncludes bibliographical references and index. | ||
| 505 | 0 | _aVolume 1. Islamic Egypt, 640-1517 / edited by Carl F. Petry -- Volume 2. Modern Egypt, from 1517 to the end of the twentieth century / edited by M.W. Daly. | |
| 590 | _adoaa mohamed ,Menna Elemam | ||
| 651 | 7 |
_aEgypt _xHistory. _2BUEsh _915728 |
|
| 653 |
_cAugust2015 _bBUSBOL |
||
| 655 | _vReading book | ||
| 700 | 1 |
_aPetry, Carl F., _d1943- _eeditor. _915729 |
|
| 700 | 1 |
_aDaly, M. W., _eeditor. _915730 |
|
| 856 | 4 | 1 |
_3Sample text _uhttp://www.loc.gov/catdir/samples/cam032/98016515.html |
| 856 | 4 | 2 |
_3Publisher description _uhttp://www.loc.gov/catdir/description/cam029/98016515.html |
| 856 | 4 | 1 |
_3Table of contents _uhttp://www.loc.gov/catdir/toc/cam022/98016515.html |
| 942 |
_2ddc _cBB |
||
| 999 |
_c14342 _d14342 |
||